000 00523nam a2200169Ia 4500
008 090201s9999 xx 000 0 und d
010 _aKPL-17363
040 _bमराठी
041 _aमराठी
082 _a12831
_b17363
100 _aपु भा भावे
245 _aरखमाच्या मुली
_cपु भा भावे
260 _c2004
_bमेनका प्रकाशन
300 _a108
_bमोठा
600 _aरखमाच्या मुली
942 _cBOOK
999 _c213070
_d213070